000
00350nam a2200157Ia 4500
100
_a
Bathe/klaus-jurgen
942
_c
BK
366
_f
15
654
_a
finite element
245
_a
Finite element procedures
260
_b
Prentice Hall of India
_a
New Delhi
_c
1996
082
_a
620.0015/BAT
300
_a
1037
546
_a
ENGLISH
999
_c
34597
_d
34597